Directory of libraries in Kenya / (Record no. 188722)
[ view plain ]
| 000 -LEADER | |
|---|---|
| fixed length control field | 00764cam0a220022900 4500 |
| 001 - CONTROL NUMBER | |
| control field | lce00365775 |
| 008 - FIXED-LENGTH DATA ELEMENTS--GENERAL INFORMATION | |
| fixed length control field | 790725s1977 ke r 001 0 eng |
| 010 ## - LIBRARY OF CONGRESS CONTROL NUMBER | |
| LC control number | 77981076 |
| 035 ## - SYSTEM CONTROL NUMBER | |
| System control number | (Sirsi) r27213 |
| 035 ## - SYSTEM CONTROL NUMBER | |
| System control number | (DLC) 77981076 |
| 035 ## - SYSTEM CONTROL NUMBER | |
| System control number | (UPRA)lce00365775 |
| 043 ## - GEOGRAPHIC AREA CODE | |
| Geographic area code | f-ke--- |
| 050 0# - LIBRARY OF CONGRESS CALL NUMBER | |
| Classification number | Z857.K4 |
| Item number | N58 |
| 082 ## - DEWEY DECIMAL CLASSIFICATION NUMBER | |
| Classification number | 027/.0676/2 |
| 100 1# - MAIN ENTRY--PERSONAL NAME | |
| Personal name | Njuguna, J. R. |
| Linkage | A91221.1 |
| 245 10 - TITLE STATEMENT | |
| Title | Directory of libraries in Kenya / |
| Statement of responsibility, etc. | compiled and edited by J. R. Njuguna. |
| 260 ## - PUBLICATION, DISTRIBUTION, ETC. | |
| Place of publication, distribution, etc. | Nairobi : |
| Name of publisher, distributor, etc. | Gazelle Books, |
| Date of publication, distribution, etc. | 1977. |
| 500 ## - GENERAL NOTE | |
| General note | Includes indexes. |
| 650 #0 - SUBJECT ADDED ENTRY--TOPICAL TERM | |
| Topical term or geographic name entry element | Libraries -- Kenya -- Directories. |
| Geographic subdivision | Libraries -- Kenya -- Directories. |
| General subdivision | Libraries -- Kenya -- Directories. |
| Linkage | S65386.1 |
| 949 ## - LOCAL PROCESSING INFORMATION (OCLC) | |
| a | Z857.K4 |
| w | lcc |
| i | -28418 |
| m | MAIN |
| t | BOOK |
| l | ON-SHELF |
No items available.